000 00830nam a2200265 i 4500
001 768714001
003 CO-MdFUSB
005 20220309105946.0
007 ta
008 211019t1990 pe |||| |||| 00| 0 spa d
020 _q[No incluye ISBN]
040 _aCO-MdFUSB
_bspa
_cCO-MdFUSB
_dCO-MdFUSBC
_erda
041 _aspa
090 _aAV 0486
100 _aMorvelí Salas, Mario,
_eautor
245 1 _aReligiosidad popular y evangelismo :
_buna propuesta metodológica para la evangelización en sociedades andinas
_c/ Mario Morveli Salas
264 0 _aLima, Perú :
_bProducciones Decamen,
_c1990
300 _a14 páginas
_c;21 cm
336 _2rdacontent
_atexto
_btxt
337 _2rdamedia
_asin mediación
_bn
338 _2rdacarrier
_avolumen
_bnc
563 _aRústico
650 0 _9362
_aEvangelización
942 _cAV
999 _c66971
_d66971